Gaming Quiz

Random Gaming Quiz

Super smash bros characters by strange descriptions Quiz Stats

 Plays Quiz not verified by Sporcle

Score 0/30 Timer 10:00
0 Plays Today
Weird description Character % Correct
She is the Queen of lullabies and a pink puffballJigglypuff
100%
A racer that says his name every time he punches youCaptain Falcon
100%
Speedy himself controls springs,rings,and other cool thingsSonic
100%
An elf that looks like extremely like Robin HoodLink
97.9%
The iconic electric mouse that everyone knows his namePikachu
97.9%
The princess in Super Mario Galaxy, comes to sparkle her way to victory!!!Kinda sounds funnyRosalina & Luma
97.9%
A green dragon, with a wide selection of eggsYoshi
97.9%
He eats enemies for new moves! EwwKirby
97.9%
A fat biker with a habit of farting too close to peopleWario
95.7%
Two twins that stick together while fightingIce Climbers
95.7%
An astronaut that digs up his companionsOlimar
95.7%
A kid with swirly hair and psychic powersLucas
95.7%
A fat duck thingy that has a big hammerKing Dedede
95.7%
A 2-D stickman that sounds like a telephoneMr. Game & Watch
95.7%
You know his nameMario
95.7%
Weird description Character % Correct
Robot.........Rob
95.7%
Throw a left and right! Uppercut!Little Mac
95.7%
He has three animal friends that fight for him,but for some reason he always wants to be the very bestPokemon Trainer
95.7%
A ninja-frog thingerGreninja
95.7%
A goddess that is stronger than she looksPalutena
93.6%
Turnips hurt...Peach
93.6%
a blue robot that has a many of projectilesMega Man
93.6%
The strong beast-man that is in TLOZGanondorf
93.6%
A bird that flies in spaceFalco
91.5%
A townsperson that uses everyday items to (ironically) beat people upVillager
91.5%
By watching her, this is why you should exerciseWii Fit Trainer
91.5%
The master of Aura.........and stuff.Lucario
91.5%
Redhead loves slashing with fire Roy
91.5%
A strong blue swordsman with an attitudeIke
89.4%
The tiny masked man with a very deep voiceMeta knight
87.2%

You're not logged in!

Compare scores with friends on all Sporcle quizzes.
OR
Log In

Sporcle TV

Today on Sporcle TV


Watch our educational content, quiz creation guides, and fun videos on Sporcle TV.

Show Comments

Extras

Top Quizzes Today


Score Distribution

Your Account Isn't Verified!

In order to create a playlist on Sporcle, you need to verify the email address you used during registration. Go to your Sporcle Settings to finish the process.

Report this User

Report this user for behavior that violates our Community Guidelines.

Details: